|
|
|
|
| LEADER |
01083nam a2200265 a 4500 |
| 001 |
9277 |
| 003 |
BD-DhAAL |
| 008 |
110115s1999 nyu b 001 0 eng d |
| 999 |
|
|
|c 10314
|d 10314
|
| 010 |
|
|
|a 97030003
|
| 020 |
|
|
|a 0195099559 (alk. paper)
|
| 040 |
|
|
|a DLC
|c DLC
|d DLC
|d BD-DhAAL
|
| 082 |
0 |
0 |
|a 801.95
|2 21
|
| 245 |
0 |
2 |
|a A handbook of critical approaches to literature /
|c Wilfred L. Guerin ... [et al.].
|
| 250 |
|
|
|a Fourth edition
|
| 260 |
|
|
|a New York :
|b Oxford University Press,
|c 1999.
|
| 300 |
|
|
|a xvii, 414 pages ;
|c 21 cm.
|
| 504 |
|
|
|a Includes bibliographical references and index.
|
| 541 |
1 |
|
|e 9277, 13971
|
| 650 |
|
0 |
|a Criticism.
|9 41314
|
| 700 |
1 |
|
|a Guerin, Wilfred L.
|9 41315
|
| 852 |
|
|
|a Ayesha Abed library
|c General Stacks
|
| 942 |
|
|
|2 ddc
|c BK
|
| 952 |
|
|
|0 0
|1 0
|2 ddc
|4 0
|6 801_950000000000000_HAN
|7 0
|9 13872
|a BRACUL
|b BRACUL
|c GEN
|d 2011-01-15
|l 0
|o 801.95 HAN
|p 3010013971
|r 2011-01-15
|t 2
|w 2011-01-15
|y BK
|
| 952 |
|
|
|0 0
|1 0
|2 ddc
|4 0
|6 801_950000000000000_HAN
|7 0
|9 17318
|a BRACUL
|b BRACUL
|c GEN
|d 2011-06-30
|l 2
|m 24
|o 801.95 HAN
|p 3010009277
|r 2015-10-04
|s 2015-03-14
|t 1
|w 2011-06-30
|y BK
|